Criminología, criminalística y victimología (Registro nro. 173868)
[ vista simple ]
| 000 -LEADER | |
|---|---|
| fixed length control field | 00896 a2200181 4500 |
| 001 - CONTROL NUMBER | |
| control field | 445935 |
| 003 - CONTROL NUMBER IDENTIFIER | |
| control field | XX-XxUND |
| 008 - FIXED-LENGTH DATA ELEMENTS--GENERAL INFORMATION | |
| fixed length control field | s2021 xx |||||||||||| ||||und d |
| 020 ## - INTERNATIONAL STANDARD BOOK NUMBER | |
| International Standard Book Number | 9786075936145 |
| 035 ## - | |
| -- | 9786075936145 |
| 100 1# - MAIN ENTRY--PERSONAL NAME | |
| Personal name | América Plata Luna |
| Relator term | author |
| 245 1# - TITLE STATEMENT | |
| Title | Criminología, criminalística y victimología |
| 260 ## - PUBLICATION, DISTRIBUTION, ETC. (IMPRINT) | |
| Place of publication, distribution, etc | México |
| Name of publisher, distributor, etc | México |
| Date of publication, distribution, etc | 2021-07-03 17:37:05 |
| 520 ## - SUMMARY, ETC. | |
| Summary, etc | 1. Conceptos generales 2. Historia 3. Corrientes criminológicas 4. Criminología en México 5. Problemas criminológicos actuales 6. Conceptos fundamentales de criminalística 7. Estudios de caso |
| 650 #4 - SUBJECT ADDED ENTRY--TOPICAL TERM | |
| Topical term or geographic name as entry element | peritaje,bertillonaje,retrato hablado,balística,identificación,política social y derecho,delito,conducta antisocial,biología,penología,psicología,antropología |
| 856 4# - LOCALIZACIÓN Y ACCESO ELECTRÓNICO | |
| Identificador Uniforme del Recurso (URI/URL) | https://biblioteca.dikaia.com.mx/reader/criminologia-criminalistica-y-victimologia-1625352253 |
| 942 ## - | |
| -- | RAA |
| 999 ## - | |
| -- | 173868 |
| -- | 173868 |
No hay ítems disponibles.